La enseñanza del control automático, sistemas digitales y microcomputación

Gardado en:
Detalles Bibliográficos
Autor Corporativo: Asociación Chilena de Control Automático (Author)
Formato: Libro
Idioma:Lingua castelá
Publicado: Arica Universidad de Tarapacá 1984
Subjects:
Tags: Engadir etiqueta
Sen Etiquetas, Sexa o primeiro en etiquetar este rexistro!

MARC

LEADER 00000nam a2200000 a 4500
001 UCZ1617
003 CL-VaPUC
005 20210911074647.0
008 950831e19840000cl 1 spa d
082 0 4 |a 629.8  |b ASO  |2 21 
110 2 |a Asociación Chilena de Control Automático  |e author  |9 617359 
245 1 3 |a La enseñanza del control automático, sistemas digitales y microcomputación 
260 |a Arica  |b Universidad de Tarapacá  |c 1984 
300 |a 77 p 
583 |a last modification  |c 20190821 10:00:44  |k Rodrigo Vera 
650 0 0 |a Control automático  |9 259890 
650 0 0 |a Educación superior   |9 223851 
650 0 0 |a Universidades  |9 256317 
651 7 |a CHILE  |2 CL-VaPUC  |9 617360 
942 |c BK 
945 |a awong  |d 19950831 00:00:00 
546 |a En Español 
536 |a Asociación Chilena de Control Automático 
518 |p La enseñanza del control automático sistemas digitales y microcomputación, 3, Arica, junio 1984 
999 |c 382438  |d 382436 
952 |0 0  |1 0  |4 0  |6 629_800000000000000_ASO_1984  |7 0  |8 A  |9 504138  |a BIBING  |b BIBING  |d 2020-01-23  |i 3130762  |o 629.8 ASO 1984  |p 3130762  |r 2025-01-20  |w 2020-01-23  |y BK  |k ING